Cliquez sur les départements sur une carte - Numéros - Statistiques

Statistiques générales
  • Ce quiz a été pris 516 fois
  • Le résultat moyen est 45 sur 101
Réponses sur la Carte
Les réponses sont colorées sur une échelle allant du rouge au vert en fonction du pourcentage des utilisateurs qui les ont devinées à leur premier essai. Vous pouvez retrouver ces pourcentages ci-dessous.
 
Statistiques - réponses
Réponse % Correct
01
61%
69
61%
75
61%
13
57%
2A
57%
93
57%
94
56%
04
55%
2B
55%
29
54%
59
54%
02
53%
03
53%
92
53%
07
52%
14
52%
33
51%
22
50%
44
50%
50
50%
56
50%
91
50%
972
50%
74
49%
95
49%
06
48%
17
48%
77
48%
83
48%
971
48%
10
47%
34
47%
78
47%
08
46%
24
46%
38
46%
15
45%
30
45%
40
45%
64
45%
66
45%
80
45%
05
44%
11
44%
21
44%
37
44%
42
44%
60
44%
62
44%
76
44%
84
44%
88
44%
89
44%
90
44%
16
43%
23
43%
36
43%
54
43%
63
43%
973
43%
974
43%
12
42%
25
42%
51
42%
61
42%
68
42%
09
41%
31
41%
35
41%
72
41%
79
41%
85
41%
45
40%
73
40%
976
40%
27
39%
41
39%
67
39%
81
39%
18
38%
28
38%
43
38%
53
38%
57
38%
58
38%
86
38%
26
37%
49
37%
55
37%
19
36%
32
36%
52
36%
87
36%
39
35%
70
34%
65
33%
71
33%
82
33%
47
32%
48
32%
46
27%
Aucun quiz correspondant
Distribution des résultats
% des personnes avec chaque résultat
Percentile par nombre de réponses
Votre historique - résultats
Vous n’avez pas pris ce quiz